00544nam a2200157 a 450000500170000000800410001702000180005805000230007610000170009924500380011626000370015430000090019144000450020099900190024595201220026420140412111421.0080121s19uu xx 00 eng d a81-7301-603-8 aTR(GS EbNo84 2006 aPrakash, Ved aNo, Thanks. vol.4 /cVed Prakash. aIndia :bDreamland Publications. a24p. aCharacter- building stories for children c106042d106042 001040aELbELcTRd2008-01-21eLib. Fundg121.00l0oTR(GS E No84 2006pE11141r2014-04-12 00:00:00w2014-04-12yBK